[Event "ch-DEN 2014"]
[Site "Skorping DEN"]
[Date "2014.04.16"]
[Round "5.4"]
[White "Glud, Jakob Vang"]
[Black "Aabling-Thomsen, Jakob"]
[Result "1-0"]
[WhiteTitle "IM"]
[BlackTitle "FM"]
[WhiteElo "2518"]
[BlackElo "2331"]
[WhiteFideId "1407767"]
[BlackFideId "1407589"]
[EventDate "2014.04.12"]

1. c4 Nf6 2. Nc3 d5 3. cxd5 Nxd5 4. Nf3 g6 5. Qa4+ Bd7 6. Qb3 Nb6 7. d4 Be6 8.
Qc2 Bg7 9. Bf4 c6 10. e3 O-O 11. Be2 N8d7 12. Rd1 Nd5 13. Nxd5 cxd5 14. Bc7 Qc8
15. Rc1 Nb8 16. Qa4 Nc6 17. Bg3 a6 18. Ne5 Bxe5 19. Bxe5 Qd7 20. Bg3 Rfc8 21.
O-O Ne5 22. Qb4 Ng4 23. b3 Kf8 24. Qb6 Nf6 25. f3 Rxc1 26. Rxc1 Rc8 27. Rc5 Rxc5
28. dxc5 d4 29. c6 bxc6 30. exd4 a5 31. Be1 a4 32. bxa4 c5 33. Qxc5 Qxa4 34. a3
Nd5 35. Bd2 Kg7 36. Kf2 Qb3 37. Qc1 f5 38. h4 Nf6 39. Qc3 Qb8 40. Qb4 Qa7 41.
Qc5 Qb7 42. a4 Kf7 43. a5 Qb2 44. Bc1 Qa1 45. a6 Nd7 46. Qc7 Qxd4+ 47. Kf1 Qa4
48. a7 Bd5 49. Be3 Qc6 50. a8=Q Qxa8 51. Qxd7 Qa1+ 52. Kf2 Qe5 53. Qa4 Qe6 54.
Qd4 h5 55. Bb5 Qd6 56. Bf4 Qd8 57. Kg3 e6 58. Qa7+ Qe7 59. Qb8 Qf8 60. Qb6 Qe7
61. Bd6 Qb7 62. Qd8 Qxb5 63. Qf8# 1-0

[Event "ch-DEN 2014"]
[Site "Skorping DEN"]
[Date "2014.04.16"]
[Round "5.5"]
[White "Antonsen, Mikkel"]
[Black "Skytte, Rasmus"]
[Result "0-1"]
[WhiteTitle "IM"]
[BlackTitle "IM"]
[WhiteElo "2467"]
[BlackElo "2430"]
[WhiteFideId "1401378"]
[BlackFideId "1404210"]
[EventDate "2014.04.12"]

1. d4 Nf6 2. c4 e6 3. Nc3 Bb4 4. Qc2 d5 5. a3 Bxc3+ 6. Qxc3 O-O 7. Nf3 dxc4 8.
Qxc4 b6 9. Bg5 Ba6 10. Qa4 Qd7 11. Qc2 c5 12. Bxf6 gxf6 13. dxc5 Rc8 14. Qe4
bxc5 15. Qg4+ Kh8 16. Qf4 Qe7 17. e3 Bxf1 18. Kxf1 Nd7 19. Ke2 Rab8 20. Rab1 c4
21. Rhd1 Nb6 22. Kf1 Na4 23. Qh6 Nxb2 24. Rd4 Rg8 25. Rh4 Rg7 26. Rxc4 Qxa3 27.
Kg1 Rbg8 28. Rh4 Qd3 29. Ra1 Rxg2+ 30. Kh1 Nd1 0-1

[Event "ch-DEN 2014"]
[Site "Skorping DEN"]
[Date "2014.04.17"]
[Round "6.1"]
[White "Andersen, Mads"]
[Black "Hansen, Sune Berg"]
[Result "0-1"]
[WhiteTitle "IM"]
[BlackTitle "GM"]
[WhiteElo "2473"]
[BlackElo "2569"]
[WhiteFideId "1413864"]
[BlackFideId "1400266"]
[EventDate "2014.04.12"]

1. d4 Nf6 2. Bg5 d5 3. Bxf6 exf6 4. e3 Nd7 5. c4 dxc4 6. Bxc4 Nb6 7. Bb3 Bd6 8.
Nc3 Qe7 9. Nf3 O-O 10. O-O Bd7 11. e4 c5 12. Nd5 Nxd5 13. exd5 Rac8 14. Re1 Qd8
15. dxc5 Bxc5 16. Nd2 Qb6 17. Qf3 a5 18. Nc4 Qa6 19. a4 Bb4 20. Rec1 Rfe8 21.
Ne3 Rcd8 22. Bc4 Qb6 23. Rc2 Bc5 24. Nf1 Re5 25. b3 Rf5 26. Qg3 Rg5 27. Qf4 Rf5
28. Qg3 Re8 29. Raa2 Rg5 30. Qf4 Rge5 31. Qf3 h5 32. h3 Rf5 33. Qg3 Rg5 34. Qc3
Bd4 35. Qf3 h4 36. Rd2 Rf5 37. Qd3 Rf4 38. Qb1 Re5 39. Qd1 Rg5 40. Kh1 Bxf2 41.
Rd3 Qd6 42. Rf3 Bb6 43. Rxf4 Qxf4 44. Qd2 Qd6 45. Qd3 Qc5 0-1

[Event "ch-DEN 2014"]
[Site "Skorping DEN"]
[Date "2014.04.17"]
[Round "6.2"]
[White "Aagaard, Jacob"]
[Black "Skytte, Rasmus"]
[Result "1/2-1/2"]
[WhiteTitle "GM"]
[BlackTitle "IM"]
[WhiteElo "2520"]
[BlackElo "2430"]
[WhiteFideId "1401815"]
[BlackFideId "1404210"]
[EventDate "2014.04.12"]

1. e4 c5 2. Nf3 e6 3. d4 cxd4 4. Nxd4 Nc6 5. Nc3 Qc7 6. Be2 a6 7. O-O Nf6 8. Be3
Bb4 9. Na4 O-O 10. c4 Bd6 11. g3 Nxe4 12. Rc1 Be5 13. Nf3 d6 14. Nxe5 Nxe5 15.
Qd4 Nf6 16. Rfd1 Bd7 17. c5 Nd5 18. Nb6 Bb5 19. Nxa8 Rxa8 20. cxd6 Qxd6 21. Bf4
Nc6 22. Bxd6 Nxd4 23. Bxb5 Nxb5 24. Bf4 Na7 25. Rxd5 exd5 26. Rc7 b6 27. Rd7 Nc6
28. Rxd5 f6 29. Rd7 Rc8 30. Rb7 b5 31. Rb6 Nb4 32. Bd6 Nd3 33. b4 1/2-1/2

[Event "ch-DEN 2014"]
[Site "Skorping DEN"]
[Date "2014.04.17"]
[Round "6.3"]
[White "Bekker-Jensen, Simon"]
[Black "Glud, Jakob Vang"]
[Result "0-1"]
[WhiteTitle "IM"]
[BlackTitle "IM"]
[WhiteElo "2445"]
[BlackElo "2518"]
[WhiteFideId "1403613"]
[BlackFideId "1407767"]
[EventDate "2014.04.12"]

1. d4 d5 2. c4 c6 3. Nf3 Nf6 4. Nc3 a6 5. c5 Bf5 6. Bf4 Nbd7 7. h3 e6 8. e3 Be7
9. Be2 Ne4 10. Nxe4 Bxe4 11. O-O O-O 12. b4 Re8 13. Nd2 Bg6 14. Bh2 Qc8 15. a4
b6 16. cxb6 Nxb6 17. Qb3 Qb7 18. Ra2 Nd7 19. Rb2 Rec8 20. Rc1 Bf8 21. a5 f6 22.
Nf3 Kh8 23. Qc3 Be7 24. Bd1 Qb5 25. Be2 Qb7 26. Bd1 Qb5 27. Qa3 Qd3 28. Rb3 Qb5
29. Rb2 Be4 30. Nd2 Bf5 31. Nb1 e5 32. Ba4 Qb7 33. Qc3 exd4 34. exd4 Nf8 35. Nd2
Bd7 36. Nf3 Ne6 37. Bc2 Re8 38. Ne1 Qa7 39. Rd1 Ng5 40. Qd3 g6 41. Qd2 Bf8 42.
Rb3 Ne4 43. Qc1 Re6 44. Bxe4 Rxe4 45. Bf4 Rxd4 46. Be3 Rxd1 47. Qxd1 Qc7 48. Bd4
Bg7 49. Qa1 Rf8 50. Nd3 Bc8 51. Nc5 Kg8 52. Re3 Kf7 53. Qc3 Qd6 54. Qe1 Bh6 55.
Re2 Qd8 56. Re6 Re8 57. Bxf6 Rxe6 58. Qxe6+ Bxe6 59. Bxd8 Bc8 60. g4 Bd2 61. Nd3
Ke6 62. Bb6 Bc3 63. Kg2 d4 64. Nf4+ Kf6 65. Bc5 Ke5 66. Kf3 Bd2 67. Nd3+ Kd5 68.
Ke2 Bc3 69. f3 Bd7 70. h4 h5 71. gxh5 gxh5 72. Nf4+ Kc4 73. Nxh5 d3+ 74. Kd1 Bh3
75. Nf4 Bf5 76. h5 Kb3 77. Be3 Bxb4 78. h6 Bc3 79. Bd2 Bd4 80. Ng2 c5 81. Be3
Kc3 82. Bd2+ Kb3 83. Be3 Kc4 84. Bd2 Bh7 85. f4 Kd5 86. Be3 c4 87. Kd2 c3+ 88.
Kd1 Be4 89. Bxd4 Kxd4 90. Ne1 Ke3 91. Nc2+ Kxf4 92. Nb4 Bf3+ 0-1

[Event "ch-DEN 2014"]
[Site "Skorping DEN"]
[Date "2014.04.17"]
[Round "6.4"]
[White "Schandorff, Lars"]
[Black "Rasmussen, Allan Stig"]
[Result "0-1"]
[WhiteTitle "GM"]
[BlackTitle "GM"]
[WhiteElo "2531"]
[BlackElo "2499"]
[WhiteFideId "1400070"]
[BlackFideId "1406000"]
[EventDate "2014.04.12"]

1. d4 Nf6 2. Nf3 e6 3. c4 c5 4. e3 b6 5. Nc3 g6 6. e4 d6 7. Bg5 h6 8. Bh4 g5 9.
Bg3 g4 10. Ng1 cxd4 11. Qxd4 Nc6 12. Qd1 Bb7 13. Bd3 Ne5 14. Nge2 Nfd7 15. b3 h5
16. Bf4 a6 17. Qd2 Rc8 18. Bc2 Qf6 19. Bg5 Qg6 20. Nd4 Rg8 21. Be3 Nc5 22. f3
gxf3 23. gxf3 Qf6 24. O-O-O b5 25. cxb5 Nxf3 26. Nxf3 Nxe4 27. Bd4 Nxd2 28. Bxf6
Nxf3 29. bxa6 Bxa6 30. Bd3 Bxd3 31. Rxd3 Ne5 32. Bxe5 dxe5 33. Kb1 f5 34. Nb5 e4
35. Rg3 Rg4 36. Re1 Ke7 37. a4 Bg7 38. Rc1 Rxc1+ 39. Kxc1 Rxg3 40. hxg3 f4 41.
Kd2 fxg3 42. Ke2 h4 43. a5 g2 0-1

[Event "ch-DEN 2014"]
[Site "Skorping DEN"]
[Date "2014.04.17"]
[Round "6.5"]
[White "Aabling-Thomsen, Jakob"]
[Black "Antonsen, Mikkel"]
[Result "1/2-1/2"]
[WhiteTitle "FM"]
[BlackTitle "IM"]
[WhiteElo "2331"]
[BlackElo "2467"]
[WhiteFideId "1407589"]
[BlackFideId "1401378"]
[EventDate "2014.04.12"]

1. e4 e5 2. Nf3 Nc6 3. Bc4 Bc5 4. b4 Bxb4 5. c3 Be7 6. d4 Na5 7. Be2 d6 8. Qa4+
c6 9. dxe5 dxe5 10. Nxe5 Nf6 11. O-O O-O 12. Bf4 b5 13. Qc2 Be6 14. Rd1 Qb6 15.
Nd2 Rfd8 16. c4 Bc5 17. Bg3 Nd7 18. Nef3 h6 19. Rab1 a6 20. e5 Rac8 21. Nh4 Nxe5
22. Bxe5 Bxf2+ 23. Kh1 Bxh4 24. c5 Qa7 25. Qc3 Nb7 26. Bxg7 Qxc5 27. Qb2 Bf5 28.
Nf3 Bxb1 29. Bxh6 f6 30. Nxh4 Qf2 31. Rxd8+ Rxd8 32. Qxb1 f5 33. Bg5 Qxe2 34.
Bxd8 Nxd8 35. Nxf5 c5 36. Ng3 Qe6 37. Qc1 Qe5 38. Qd1 Nf7 39. Qg4+ Qg5 40. Qc8+
Kh7 41. Qh3+ Kg8 42. Qc8+ Kg7 43. Kg1 c4 44. Nf5+ Kf6 45. Ng3 Qe3+ 46. Kf1 Qf4+
47. Ke1 Qc1+ 48. Kf2 Qf4+ 49. Ke1 Qc1+ 1/2-1/2

[Event "ch-DEN 2014"]
[Site "Skorping DEN"]
[Date "2014.04.18"]
[Round "7.1"]
[White "Glud, Jakob Vang"]
[Black "Andersen, Mads"]
[Result "1-0"]
[WhiteTitle "IM"]
[BlackTitle "IM"]
[WhiteElo "2518"]
[BlackElo "2473"]
[WhiteFideId "1407767"]
[BlackFideId "1413864"]
[EventDate "2014.04.12"]

1. Nf3 d5 2. g3 g6 3. Bg2 Bg7 4. c4 dxc4 5. Na3 Nc6 6. Nxc4 e5 7. d3 Nge7 8. h4
h6 9. Bd2 O-O 10. Qc1 Kh7 11. O-O a5 12. Bc3 f6 13. Rd1 Be6 14. b3 Qe8 15. e4 g5
16. hxg5 hxg5 17. d4 Bxc4 18. bxc4 g4 19. Nh2 exd4 20. Bb2 Qh5 21. Rb1 Rfd8 22.
Ba3 Nb4 23. Qf4 c5 24. Nxg4 Ra6 25. Bf3 Qf7 26. Kg2 Kg8 27. Bc1 Nxa2 28. Qc7 Nc6
29. Qxf7+ Kxf7 30. Rxb7+ Kf8 31. e5 Nxe5 32. Nxe5 fxe5 33. Bg5 Bf6 34. Rh1 Kg8
35. Rh6 Bxg5 36. Rxa6 Bc1 37. Bd5+ Rxd5 38. Ra8+ 1-0

[Event "ch-DEN 2014"]
[Site "Skorping DEN"]
[Date "2014.04.18"]
[Round "7.2"]
[White "Skytte, Rasmus"]
[Black "Aabling-Thomsen, Jakob"]
[Result "1/2-1/2"]
[WhiteTitle "IM"]
[BlackTitle "FM"]
[WhiteElo "2430"]
[BlackElo "2331"]
[WhiteFideId "1404210"]
[BlackFideId "1407589"]
[EventDate "2014.04.12"]

1. Nf3 Nf6 2. c4 g6 3. Nc3 c5 4. e4 d6 5. d4 cxd4 6. Nxd4 Bg7 7. Be2 O-O 8. O-O
Nc6 9. Nc2 Nd7 10. Be3 Nc5 11. Nd4 Ne6 12. Nb3 b6 1/2-1/2

[Event "ch-DEN 2014"]
[Site "Skorping DEN"]
[Date "2014.04.18"]
[Round "7.3"]
[White "Hansen, Sune Berg"]
[Black "Schandorff, Lars"]
[Result "1/2-1/2"]
[WhiteTitle "GM"]
[BlackTitle "GM"]
[WhiteElo "2569"]
[BlackElo "2531"]
[WhiteFideId "1400266"]
[BlackFideId "1400070"]
[EventDate "2014.04.12"]

1. Nf3 d5 2. g3 Bg4 3. Bg2 Nd7 4. O-O Ngf6 5. d3 c6 6. Qe1 e5 7. e4 dxe4 8. dxe4
Bd6 9. Nbd2 b5 10. h3 Bh5 11. Nh4 O-O 12. Nf5 Bc7 13. Nf3 Re8 14. Bg5 Re6 15.
Rd1 Qf8 16. Qe2 Nc5 17. g4 Bg6 18. N3h4 Rb8 19. Rfe1 a5 20. c3 a4 21. Qc2 Nfd7
22. b4 axb3 23. axb3 Nb6 24. b4 Nb7 25. Bf1 Ree8 26. Qb3 Nd8 27. Be3 Ne6 28. Rd2
Red8 1/2-1/2

[Event "ch-DEN 2014"]
[Site "Skorping DEN"]
[Date "2014.04.18"]
[Round "7.4"]
[White "Rasmussen, Allan Stig"]
[Black "Aagaard, Jacob"]
[Result "1-0"]
[WhiteTitle "GM"]
[BlackTitle "GM"]
[WhiteElo "2499"]
[BlackElo "2520"]
[WhiteFideId "1406000"]
[BlackFideId "1401815"]
[EventDate "2014.04.12"]

1. Nf3 d5 2. c4 e6 3. g3 dxc4 4. Qa4+ Nd7 5. Bg2 a6 6. Qxc4 b5 7. Qb3 Bb7 8. O-O
c5 9. d3 Bd6 10. Nc3 Ngf6 11. a4 b4 12. Nb1 a5 13. Nbd2 Nb6 14. Qc2 O-O 15. b3
Nfd7 16. Bb2 Ba6 17. Rfd1 Qc7 18. Ng5 Rac8 19. d4 g6 20. Qe4 Be7 21. dxc5 Qxc5
22. Nxe6 fxe6 23. Qxe6+ Rf7 24. Ne4 Qf5 25. Bh3 Qxe6 26. Bxe6 Rc2 27. Rd2 Rxd2
28. Nxd2 Bxe2 29. Re1 Bd3 30. Bd4 Bc5 31. Nf3 Bxd4 32. Nxd4 Nc5 33. Bxf7+ Kxf7
34. Nc6 Kf6 35. Nxa5 Bc2 36. Rc1 Nxb3 37. Nxb3 Bxb3 38. Rc6+ 1-0

[Event "ch-DEN 2014"]
[Site "Skorping DEN"]
[Date "2014.04.18"]
[Round "7.5"]
[White "Antonsen, Mikkel"]
[Black "Bekker-Jensen, Simon"]
[Result "1-0"]
[WhiteTitle "IM"]
[BlackTitle "IM"]
[WhiteElo "2467"]
[BlackElo "2445"]
[WhiteFideId "1401378"]
[BlackFideId "1403613"]
[EventDate "2014.04.12"]

1. d4 Nf6 2. c4 e6 3. Nc3 Bb4 4. Qc2 O-O 5. a3 Bxc3+ 6. Qxc3 b5 7. cxb5 c6 8.
Bg5 cxb5 9. e3 Bb7 10. Nf3 h6 11. Bh4 a6 12. Bd3 d6 13. O-O Nbd7 14. Qb4 Qb6 15.
Bg3 Be4 16. Be2 Rfc8 17. Rfc1 Rc6 18. Rxc6 Qxc6 19. Ne1 e5 20. dxe5 dxe5 21. Rd1
Rc8 22. Qd6 Qxd6 23. Rxd6 Rc1 24. f3 Bc6 25. Kf2 e4 26. Rd2 Nc5 27. Rc2 Nb3 28.
Bf1 Nd7 29. Bd6 Nb6 30. Rxc1 Nxc1 31. Nc2 Na4 32. Nd4 Bd5 33. b3 Bxb3 34. fxe4
Bc4 35. Bxc4 bxc4 36. Kf3 Nb2 37. e5 c3 38. Bb4 Na2 39. Ke4 Nc4 40. Nc2 a5 41.
Kd4 axb4 42. Kxc4 bxa3 43. Nxa3 Kf8 44. Kb3 Nc1+ 45. Kxc3 Ke7 46. Nc2 h5 47. Nd4
g6 48. Kc4 h4 49. h3 Kd7 50. Kd5 Na2 51. Nf3 Nc3+ 52. Kd4 Nb5+ 53. Ke4 Nc3+ 54.
Kd3 Na4 55. Nxh4 Ke6 56. Kd4 Nb6 57. Nf3 Nd7 58. e4 f6 59. exf6 Nxf6 60. g4 Nh7
61. e5 Ke7 62. h4 Nf8 63. Ng5 Nd7 64. h5 gxh5 65. gxh5 Nf8 66. Ke4 Nd7 67. Kf5
Nf8 68. h6 1-0

[Event "ch-DEN 2014"]
[Site "Skorping DEN"]
[Date "2014.04.19"]
[Round "8.1"]
[White "Schandorff, Lars"]
[Black "Glud, Jakob Vang"]
[Result "1/2-1/2"]
[WhiteTitle "GM"]
[BlackTitle "IM"]
[WhiteElo "2531"]
[BlackElo "2518"]
[WhiteFideId "1400070"]
[BlackFideId "1407767"]
[EventDate "2014.04.12"]

1. d4 Nf6 2. c4 e6 3. Nc3 Bb4 4. Qc2 b6 5. a3 Bxc3+ 6. Qxc3 Bb7 7. f3 d5 8. Bg5
c5 9. e3 cxd4 10. Qxd4 Nc6 11. Qh4 dxc4 12. Bxc4 Rc8 13. Rd1 Qe7 14. Ne2 O-O 15.
Bd3 h6 16. Bxf6 Qxf6 17. Qxf6 gxf6 18. Nc3 Rfd8 19. Kf2 Kf8 20. Be2 Ke7 21. Rxd8
Rxd8 22. Rd1 Rg8 23. Bf1 Rc8 24. Bb5 Ne5 25. Rd4 a6 26. Be2 f5 27. Rb4 b5 28.
Rh4 Rd8 29. Ke1 Rg8 30. Kf2 Rd8 31. Ke1 Rg8 32. Kf2 Rd8 33. Ke1 1/2-1/2

[Event "ch-DEN 2014"]
[Site "Skorping DEN"]
[Date "2014.04.19"]
[Round "8.2"]
[White "Andersen, Mads"]
[Black "Antonsen, Mikkel"]
[Result "1-0"]
[WhiteTitle "IM"]
[BlackTitle "IM"]
[WhiteElo "2473"]
[BlackElo "2467"]
[WhiteFideId "1413864"]
[BlackFideId "1401378"]
[EventDate "2014.04.12"]

1. Nf3 Nf6 2. g3 g6 3. c4 d5 4. cxd5 Nxd5 5. d4 Bg7 6. Bg2 Nb6 7. Nc3 Nc6 8. e3
O-O 9. O-O Re8 10. a3 a5 11. d5 Ne5 12. Nxe5 Bxe5 13. Qc2 Bd7 14. Rd1 Qc8 15. e4
c6 16. Qb3 Ra6 17. Bf1 a4 18. Qc2 cxd5 19. Bxa6 bxa6 20. exd5 Bg7 21. Be3 Nc4
22. Bd4 Ne5 23. Qe4 Qc4 24. Bxe5 Qxe4 25. Nxe4 Bxe5 26. Nc3 f5 27. f4 Bf6 28.
Rac1 Rb8 29. Rc2 Kf7 30. Rdd2 Ke8 31. Kf2 g5 32. Ne2 h6 33. Nd4 gxf4 34. gxf4
Rb6 35. Nf3 Kd8 36. Ne5 Be8 37. Kg3 h5 38. Rc3 h4+ 39. Kg2 Rb5 40. Rdc2 Bd7 41.
Rc5 Rb3 42. Rc7 h3+ 43. Kf2 Bh4+ 44. Kg1 1-0

[Event "ch-DEN 2014"]
[Site "Skorping DEN"]
[Date "2014.04.19"]
[Round "8.3"]
[White "Rasmussen, Allan Stig"]
[Black "Hansen, Sune Berg"]
[Result "1-0"]
[WhiteTitle "GM"]
[BlackTitle "GM"]
[WhiteElo "2499"]
[BlackElo "2569"]
[WhiteFideId "1406000"]
[BlackFideId "1400266"]
[EventDate "2014.04.12"]

1. c4 f5 2. d4 Nf6 3. Nc3 e6 4. Nf3 Bb4 5. Bd2 O-O 6. g3 b6 7. Bg2 Bb7 8. O-O a5
9. Rc1 Na6 10. a3 Bxc3 11. Bxc3 Qe7 12. Re1 Rae8 13. Qb3 Ra8 14. Ne5 Bxg2 15.
Kxg2 Nb8 16. Nd3 d6 17. c5 bxc5 18. dxc5 Nbd7 19. Bxf6 Nxf6 20. cxd6 cxd6 21.
Nf4 Rfe8 22. Rc2 Ne4 23. Rd1 a4 24. Qe3 Rab8 25. f3 Nf6 26. Qd2 Rb6 27. Qa5 Reb8
28. Qxa4 g5 29. Nd3 g4 30. Rdc1 gxf3+ 31. exf3 Nd5 32. Qd4 Qg5 33. Re1 Rb3 34.
Kg1 Qg7 35. Qc4 Qf7 36. Rd2 R3b7 37. Qd4 Rb5 38. b4 e5 39. Qc4 Nf6 40. Rc2 Rd5
41. Qa6 Qb7 42. Qxb7 Rxb7 43. Rc3 Rd4 44. Rb3 Nd5 45. Kf2 Nb6 46. Rc1 Nc4 47.
Rc2 Ra7 48. b5 Kf7 49. Ke2 Ke6 50. Ra2 Nb6 51. Nb4 Ra4 52. Rc2 Nc4 53. Nc6 Rd5
54. b6 Nxb6 55. Rxb6 Rxa3 56. Nb4 Rd4 57. Rb2 Rc4 58. Rd2 Rd4 59. Rxd4 exd4 60.
Nd3 Kd5 61. Kd2 Ra1 62. Nc1 Ra7 63. Rb5+ Kc4 64. Rxf5 Rb7 65. Nd3 Rb3 66. Ne1
Rb2+ 67. Nc2 Ra2 68. Rf7 1-0

[Event "ch-DEN 2014"]
[Site "Skorping DEN"]
[Date "2014.04.19"]
[Round "8.4"]
[White "Aagaard, Jacob"]
[Black "Aabling-Thomsen, Jakob"]
[Result "1/2-1/2"]
[WhiteTitle "GM"]
[BlackTitle "FM"]
[WhiteElo "2520"]
[BlackElo "2331"]
[WhiteFideId "1401815"]
[BlackFideId "1407589"]
[EventDate "2014.04.12"]

1. e4 d6 2. d4 Nf6 3. Nc3 g6 4. Nge2 Bg7 5. g3 O-O 6. Bg2 e5 7. h3 c6 8. Be3 b5
9. a3 Bb7 10. O-O Nbd7 11. f4 exd4 12. Nxd4 a6 13. Nde2 Re8 14. Bf2 c5 15. Qxd6
Nxe4 16. Bxe4 Bxe4 17. Rad1 Bxc2 18. Rd2 Bf5 19. g4 Bf8 20. Qc6 Be6 21. Rfd1 Qb6
22. Qf3 Nf6 23. Bh4 Bb3 24. Rf1 b4 25. Bxf6 Qxf6 26. Ne4 Qe6 27. N2g3 Red8 28.
f5 Qc4 29. Rdf2 Qd3 30. Qf4 Qd4 31. fxg6 fxg6 32. Nf6+ Kh8 33. Qc7 Bg7 34. Nge4
Rf8 35. g5 Bc4 36. Rc1 Rac8 37. Qf4 Bd5 38. Nxc5 Bxf6 39. gxf6 Qxf4 40. Rxf4
bxa3 41. bxa3 Rc6 42. Rd4 Bg8 43. Nd3 Rxc1+ 44. Nxc1 Rxf6 45. Nd3 Rf5 46. Nf4
Ra5 47. Rd3 Rb5 48. Kf2 a5 49. Kf3 Kg7 50. h4 Kf6 51. Rd8 Bc4 52. Rc8 Rb3+ 53.
Ke4 Bf7 54. Rc6+ Kg7 55. Rc7 Rxa3 56. Ne6+ Kf6 57. Ng5 Ra4+ 58. Ke3 Bb3 59.
Nxh7+ Kf5 60. Rc5+ Kg4 61. h5 1/2-1/2

[Event "ch-DEN 2014"]
[Site "Skorping DEN"]
[Date "2014.04.19"]
[Round "8.5"]
[White "Bekker-Jensen, Simon"]
[Black "Skytte, Rasmus"]
[Result "1/2-1/2"]
[WhiteTitle "IM"]
[BlackTitle "IM"]
[WhiteElo "2445"]
[BlackElo "2430"]
[WhiteFideId "1403613"]
[BlackFideId "1404210"]
[EventDate "2014.04.12"]

1. d4 Nf6 2. c4 c5 3. d5 b5 4. cxb5 a6 5. bxa6 g6 6. Nc3 Bg7 7. Nf3 O-O 8. e4
Qa5 9. Bd2 Bxa6 10. Be2 Qb4 11. Bxa6 Nxa6 12. Qe2 Qxb2 13. Rb1 Qa3 14. Rb3 Qa5
15. e5 Ne8 16. O-O Nec7 17. Rfb1 Rfb8 18. Bg5 h6 19. Bh4 Rxb3 1/2-1/2

[Event "ch-DEN 2014"]
[Site "Skorping DEN"]
[Date "2014.04.20"]
[Round "9.1"]
[White "Hansen, Sune Berg"]
[Black "Aagaard, Jacob"]
[Result "1/2-1/2"]
[WhiteTitle "GM"]
[BlackTitle "GM"]
[WhiteElo "2569"]
[BlackElo "2520"]
[WhiteFideId "1400266"]
[BlackFideId "1401815"]
[EventDate "2014.04.12"]

1. d4 d5 2. Bf4 c5 3. e3 Nf6 4. c3 Nc6 5. Nd2 Qb6 6. Qb3 c4 7. Qc2 g6 8. Ngf3
Bf5 9. Qc1 Nh5 10. Bg3 Nxg3 11. hxg3 Qd8 12. Be2 b5 13. Bd1 Bd7 14. e4 e6 15.
exd5 exd5 16. Nf1 h5 17. Qe3+ Qe7 1/2-1/2

[Event "ch-DEN 2014"]
[Site "Skorping DEN"]
[Date "2014.04.20"]
[Round "9.2"]
[White "Antonsen, Mikkel"]
[Black "Schandorff, Lars"]
[Result "1/2-1/2"]
[WhiteTitle "IM"]
[BlackTitle "GM"]
[WhiteElo "2467"]
[BlackElo "2531"]
[WhiteFideId "1401378"]
[BlackFideId "1400070"]
[EventDate "2014.04.12"]

1. d4 d5 2. c4 c6 3. Nf3 Nf6 4. e3 e6 5. Bd3 dxc4 6. Bxc4 Nbd7 7. O-O Bd6 8. Nc3
O-O 9. Bd2 b5 10. Bd3 Bb7 11. a3 a5 12. Ne4 Nxe4 13. Bxe4 Qe7 14. Rc1 Rfc8 15.
Ne5 Nxe5 16. dxe5 Bxe5 17. Bxh7+ Kxh7 18. Qh5+ Kg8 19. Qxe5 c5 20. Rfd1 f6 21.
Qh5 e5 22. Be1 Rc7 1/2-1/2

[Event "ch-DEN 2014"]
[Site "Skorping DEN"]
[Date "2014.04.20"]
[Round "9.3"]
[White "Glud, Jakob Vang"]
[Black "Rasmussen, Allan Stig"]
[Result "1/2-1/2"]
[WhiteTitle "IM"]
[BlackTitle "GM"]
[WhiteElo "2518"]
[BlackElo "2499"]
[WhiteFideId "1407767"]
[BlackFideId "1406000"]
[EventDate "2014.04.12"]

1. Nf3 Nf6 2. c4 c5 3. Nc3 b6 4. g3 Bb7 5. Bg2 g6 6. O-O Bg7 7. a3 O-O 8. b4 Ne4
9. Qb3 Nxc3 10. dxc3 Qc7 11. Bf4 d6 12. h4 h6 13. a4 a5 14. b5 1/2-1/2

[Event "ch-DEN 2014"]
[Site "Skorping DEN"]
[Date "2014.04.20"]
[Round "9.4"]
[White "Skytte, Rasmus"]
[Black "Andersen, Mads"]
[Result "1/2-1/2"]
[WhiteTitle "IM"]
[BlackTitle "IM"]
[WhiteElo "2430"]
[BlackElo "2473"]
[WhiteFideId "1404210"]
[BlackFideId "1413864"]
[EventDate "2014.04.12"]

1. d4 d5 2. c4 c6 3. Nc3 e6 4. e3 Nf6 5. Nf3 Nbd7 6. Bd3 dxc4 7. Bxc4 b5 8. Bd3
Bb7 9. a3 Bd6 10. O-O O-O 11. Qc2 Rc8 12. b4 c5 1/2-1/2

[Event "ch-DEN 2014"]
[Site "Skorping DEN"]
[Date "2014.04.20"]
[Round "9.5"]
[White "Aabling-Thomsen, Jakob"]
[Black "Bekker-Jensen, Simon"]
[Result "0-1"]
[WhiteTitle "FM"]
[BlackTitle "IM"]
[WhiteElo "2331"]
[BlackElo "2445"]
[WhiteFideId "1407589"]
[BlackFideId "1403613"]
[EventDate "2014.04.12"]

1. d4 Nf6 2. Nc3 d5 3. Bg5 Nbd7 4. Qd3 e6 5. e4 dxe4 6. Nxe4 Be7 7. Nxf6+ Nxf6
8. Nf3 O-O 9. O-O-O c5 10. Qe3 Qa5 11. Kb1 Rd8 12. Be2 cxd4 13. Rxd4 h6 14.
Rxd8+ Bxd8 15. Bh4 Bd7 16. Rd1 Nd5 17. Bxd8 Rxd8 18. Qb3 Qc7 19. g3 Rc8 20. Nd4
Nb6 21. f4 Ba4 22. Qd3 Nd5 23. Nb3 Qb6 24. Qd4 Qc6 25. c3 Nb6 26. Bd3 Qc7 27.
Qe4 g6 28. Bc2 Bc6 29. Qe2 Bd5 30. h4 Na4 31. h5 Qxc3 32. bxc3 Nxc3+ 33. Kb2
Nxe2 34. hxg6 Nxg3 35. f5 fxg6 36. fxe6 Bxe6 37. Rg1 Bf5 38. Bxf5 Nxf5 39. Rxg6+
Kf7 40. Rg2 Kf6 41. Nd2 h5 42. Rf2 h4 43. Ne4+ Ke5 44. Ng5 Rg8 45. Rg2 Rg6 46.
a4 Kf6 47. Ne4+ Kg7 48. Rf2 Rg4 49. Nc5 Kg6 50. a5 h3 51. Nd3 Kg5 52. Ne1 Nd4
53. Rf7 h2 54. Rg7+ Kf4 55. Nd3+ Kg3 56. Rh7 Nf5 57. a6 bxa6 58. Nf2 Rh4 59.
Nh1+ Kg2 60. Rf7 Kxh1 0-1